000 00722nam a2200241 a 4500
001 000042786
003 DO-SdBNP
005 20250408113911.0
008 140210s2011 dr 000 0 spa d
020 _a9789945427998
040 _aDO-SdBNP
_bspa
_cBNPHU
082 4 _aRD861.44
_bB443p
100 1 _aBelliard, Basilio,
_d1966-
_923510
245 1 0 _aPiel del aire :
_bpoemas /
_cBasilio Beliard.
260 _aSanto Domingo :
_bGente,
_c2011.
300 _a96 p. ;
_c22 cm.
500 _aIncluye datos biográficos del autor en las solapas
590 _aInventariado, 2023/MFF
650 4 _aPoesía dominicana
650 4 _aLiteratura dominicana
900 _aValidado. Control de calidad MFF
942 _2ddc
_cLBS1
999 _c42275
_d42275